Návrh a výroba dotykovej sondy pre optické 3D meranie

Guardado en:
Detalles Bibliográficos
Autor principal: Tóth, Dávid (Autor)
Otros Autores: Buranský, Ivan (Orientador)
Formato: Manuscrito Libro
Lenguaje:eslovaco
Publicado: 2016
Materias:
Acceso en línea:http://is.stuba.sk/zp/portal_zp.pl?podrobnosti=118404
Etiquetas: Agregar Etiqueta
Sin Etiquetas, Sea el primero en etiquetar este registro!

MARC

LEADER 00000ntm a22000003a 4500
001 stuzp56317
003 SK-STU
005 20160719154949.8
007 ta
008 150427s2015----xo-----f-mn---000-0-slo-d
040 |a STU  |b slo 
041 0 |a slo 
100 1 |a Tóth, Dávid  |u 063000  |k Z4  |4 aut  |U MTF Materiálovotechnologická fakulta  |T MTF Ústav výrobných technológií  |X 42390  |U M3000  |Y 83  |7 A000042390 
242 0 1 |a Design and production of contact probe for the use of 3D optical measurement  |y eng 
245 1 0 |a Návrh a výroba dotykovej sondy pre optické 3D meranie 
260 |c 2016 
650 4 |a optické bezdotykové skenovacie zariadenie  |2 slo 
650 4 |a dotyková sonda  |2 slo 
650 4 |a 3D tlačiareň  |2 slo 
650 4 |a touch probe  |2 eng 
650 4 |a 3D printer  |2 eng 
650 4 |a noncontact optical scanning device  |2 eng 
700 1 |a Buranský, Ivan  |u 063600  |k Z1  |4 ths  |U MTF Ústav výrobných technológií  |T MTF Katedra obrábania a tvárnenia  |X 4587  |U M3600  |Y 841  |7 A000004587 
856 4 |u http://is.stuba.sk/zp/portal_zp.pl?podrobnosti=118404 
996 |c M* DP-12866  |l MMSKP  |s P  |a 0  |w stuzp56317_0001 
SQL |a stuzp56317  |b DDP  |c SLO  |d Návrh a výroba dotykovej sondy pre optické 3D meranie  |e 42390  |f Tóth, Dávid  |g 063000  |h 4587  |i Buranský, Ivan  |j 20160608  |k 187  |l 06  |m http://is.stuba.sk/zp/portal_zp.pl?podrobnosti=118404  |n I-PPN  |o 5.2.51. výrobné technológie